[Event "GER-chT U14 Girls"]
[Site "Magdeburg"]
[Date "2015.12.30"]
[Round "7.4"]
[White "Dietzel, Emilie"]
[Black "Wesselly, Luisa"]
[Result "1-0"]
[WhiteElo "1160"]
[BlackElo "966"]
[PlyCount "93"]
[EventDate "2015.12.27"]
[EventType "team-swiss"]
[EventRounds "7"]
[EventCountry "GER"]
[SourceTitle "EXT 2017"]
[Source "ChessBase"]
[SourceDate "2016.10.25"]
[SourceVersion "1"]
[SourceVersionDate "2016.10.25"]
[SourceQuality "1"]
[WhiteTeam "Muldental Wilkau Hasslau"]
[BlackTeam "Coethen Germania"]
[WhiteTeamCountry "GER"]
[BlackTeamCountry "GER"]

1. e4 e5 2. Nf3 Nc6 3. d4 exd4 4. Nxd4 Bc5 5. Be3 Qf6 6. c3 d6 7. Bb5 Bd7 8. Bxc6 Bxc6 9. Nd2 Bxd4 10. cxd4 Qe7 11. f3 Nf6 12. 0-0 d5 13. e5 Nd7 14. Nb3 Ba4 15. Qd3 Bxb3 16. Qxb3 Nb6 17. Bd2 c6 18. Rac1 Qh4 19. Be3 Qe7 20. Bd2 Nc4 21. Bb4 Qc7 22. Rce1 a5 23. Bc3 Qb6 24. Qxb6 Nxb6 25. b3 a4 26. Bb4 axb3 27. axb3 Ra2 28. Ra1 Rxa1 29. Rxa1 Nd7 30. Ra8+ Nb8 31. Rxb8+ Kd7 32. Rxh8 b6 33. Rxh7 Ke6 34. Rxg7 f6 35. exf6 Kxf6 36. Rc7 b5 37. Rxc6+ Kf7 38. Rd6 Kg7 39. Kf2 Kf7 40. Ke3 Kg7 41. Kf4 Kf7 42. Kf5 Kg7 43. Kg5 Kf7 44. g4 Kg7 45. Rd7+ Kg8 46. Kg6 Kh8 47. Rd8# 1-0

[Event "GER-chT U14 Girls"]
[Site "Magdeburg"]
[Date "2015.12.29"]
[Round "6.4"]
[White "Klemke, Kassandra"]
[Black "Dietzel, Emilie"]
[Result "1-0"]
[WhiteElo "1157"]
[BlackElo "1160"]
[PlyCount "121"]
[EventDate "2015.12.27"]
[EventType "team-swiss"]
[EventRounds "7"]
[EventCountry "GER"]
[SourceTitle "EXT 2017"]
[Source "ChessBase"]
[SourceDate "2016.10.25"]
[SourceVersion "1"]
[SourceVersionDate "2016.10.25"]
[SourceQuality "1"]
[WhiteTeam "Dresden Leuben"]
[BlackTeam "Muldental Wilkau Hasslau"]
[WhiteTeamCountry "GER"]
[BlackTeamCountry "GER"]

1. e4 c6 2. Nc3 d5 3. d3 e6 4. Nge2 Nf6 5. Ng3 Be7 6. Bf4 c5 7. Be2 Nc6 8. 0-0 0-0 9. Bf3 d4 10. Nce2 e5 11. Bd2 Be6 12. Re1 Rc8 13. a3 b6 14. Qb1 Qd7 15. h3 Rb8 16. Kh2 Rfc8 17. Nh5 a5 18. Nxf6+ Bxf6 19. Ng3 g6 20. Qc1 Bg7 21. Rf1 c4 22. Be2 cxd3 23. Bxd3 Na7 24. Qd1 Bc4 25. Rc1 Qb5 26. Bxc4 Rxc4 27. b3 Rc7 28. f4 Rbc8 29. f5 Rc6 30. a4 Qc5 31. Qf3 Qe7 32. Qg4 Rf8 33. Bg5 Bf6 34. Bh6 Bg7 35. Bxg7 Kxg7 36. Nh5+ Kh8 37. Ng3 Rf6 38. Rf2 Nc8 39. Rcf1 Kg7 40. Nh5+ Kg8 41. Nxf6+ Qxf6 42. fxg6 Qxg6 43. Qxg6+ hxg6 44. Rf6 Kg7 45. R6f3 Nd6 46. Re1 Rc8 47. Rf2 Rc7 48. g4 Rc3 49. h4 Re3 50. Rxe3 dxe3 51. Re2 Nxe4 52. Rxe3 Nf6 53. Kg3 Nd7 54. Kf3 f6 55. Rd3 Nc5 56. Rd6 Kf7 57. Rxb6 Ne6 58. b4 axb4 59. Rxb4 Nd4+ 60. Rxd4 exd4 61. a5 1-0

[Event "Sachsen-ch U12 Girls"]
[Site "Sebnitz"]
[Date "2013.04.04"]
[Round "4"]
[White "Oswald, Lena"]
[Black "Dietzel, Emilie"]
[Result "1-0"]
[WhiteElo "1051"]
[BlackElo "1003"]
[PlyCount "77"]
[EventDate "2013.04.02"]
[EventType "swiss"]
[EventRounds "7"]
[EventCountry "GER"]
[SourceTitle "EXT 2014"]
[Source "ChessBase"]
[SourceDate "2013.11.20"]
[SourceVersion "1"]
[SourceVersionDate "2013.11.20"]
[SourceQuality "1"]

1. e4 e5 2. Nf3 Nc6 3. Bc4 Bc5 4. Nc3 Nf6 5. d3 h6 6. Be3 Bxe3 7. fxe3 d6 8. Qd2 0-0 9. 0-0-0 Bg4 10. h3 Be6 11. Bb3 Bxb3 12. axb3 Nb4 13. g4 c5 14. Qh2 h5 15. Rdf1 g6 16. gxh5 Nxh5 17. h4 Kg7 18. Ng5 f6 19. Ne6+ Kf7 20. Nxd8+ Raxd8 21. Rhg1 Kg7 22. Qg2 Kf7 23. Qxg6+ Ke7 24. Qxh5 Kd7 25. Qe2 Kc8 26. h5 Rh8 27. Rg7 Kb8 28. Rfg1 a6 29. Qh2 Nc6 30. h6 Ka7 31. h7 Kb6 32. Rg8 Rdxg8 33. Rxg8 Rxg8 34. hxg8Q Ka5 35. Qhh7 b6 36. Qb7 Nb4 37. Qgb8 Nd5 38. exd5 e4 39. Qxb6# 1-0